Procesné mapovanie ako nástroj zlepšenia fungovania samosprávy na Slovensku

Proces a jeho mapovanie. Priebeh procesu. Analýza procesov vo vybraných samosprávnych organizáciách na Slovensku.

Saved in:
Bibliographic Details
Main Author: Štangová, Nora
Other Authors: Múčka, Marek
Format: Book Chapter
Language:Slovak
Subjects:
Tags: Add Tag
No Tags, Be the first to tag this record!

MARC

LEADER 00000naa a2200000 4500
001 0166464
005 20231011110803.4
041 0 |a slo 
044 |a SK 
245 1 0 |a Procesné mapovanie ako nástroj zlepšenia fungovania samosprávy na Slovensku  |c Nora Štangová, Marek Múčka 
520 |a Proces a jeho mapovanie. Priebeh procesu. Analýza procesov vo vybraných samosprávnych organizáciách na Slovensku. 
610 2 0 |a procesy podnikové 
610 2 0 |a Slovensko 
610 2 0 |a manažment verejnej správy 
100 1 |a Štangová, Nora 
700 1 |a Múčka, Marek